<?xml version="1.0" encoding="UTF-8"?><?xml-stylesheet type="text/xsl" href="static/style.xsl"?><OAI-PMH xmlns="http://www.openarchives.org/OAI/2.0/" xmlns:xsi="http://www.w3.org/2001/XMLSchema-instance" xsi:schemaLocation="http://www.openarchives.org/OAI/2.0/ http://www.openarchives.org/OAI/2.0/OAI-PMH.xsd"><responseDate>2026-05-14T10:51:02Z</responseDate><request verb="GetRecord" identifier="oai:riubu.ubu.es:10259/9346" metadataPrefix="marc">https://riubu.ubu.es/oai/request</request><GetRecord><record><header><identifier>oai:riubu.ubu.es:10259/9346</identifier><datestamp>2024-07-06T00:05:14Z</datestamp><setSpec>com_10259_4313</setSpec><setSpec>com_10259_5086</setSpec><setSpec>com_10259_2604</setSpec><setSpec>com_10259_6168</setSpec><setSpec>col_10259_4314</setSpec><setSpec>col_10259_6169</setSpec></header><metadata><record xmlns="http://www.loc.gov/MARC21/slim" xmlns:doc="http://www.lyncode.com/xoai" xmlns:xsi="http://www.w3.org/2001/XMLSchema-instance" xmlns:dcterms="http://purl.org/dc/terms/" xsi:schemaLocation="http://www.loc.gov/MARC21/slim http://www.loc.gov/standards/marcxml/schema/MARC21slim.xsd">
<leader>00925njm 22002777a 4500</leader>
<datafield tag="042" ind1=" " ind2=" ">
<subfield code="a">dc</subfield>
</datafield>
<datafield tag="720" ind1=" " ind2=" ">
<subfield code="a">Parra de la Parra, Sandra de la</subfield>
<subfield code="e">author</subfield>
</datafield>
<datafield tag="720" ind1=" " ind2=" ">
<subfield code="a">Miguel, Álvaro</subfield>
<subfield code="e">author</subfield>
</datafield>
<datafield tag="720" ind1=" " ind2=" ">
<subfield code="a">Fernández Pampín, Natalia</subfield>
<subfield code="e">author</subfield>
</datafield>
<datafield tag="720" ind1=" " ind2=" ">
<subfield code="a">Rumbo Lorenzo, Carlos</subfield>
<subfield code="e">author</subfield>
</datafield>
<datafield tag="720" ind1=" " ind2=" ">
<subfield code="a">García Pérez, José Miguel</subfield>
<subfield code="e">author</subfield>
</datafield>
<datafield tag="720" ind1=" " ind2=" ">
<subfield code="a">Arnáiz Alonso, Ana</subfield>
<subfield code="e">author</subfield>
</datafield>
<datafield tag="720" ind1=" " ind2=" ">
<subfield code="a">Trigo López, Miriam</subfield>
<subfield code="e">author</subfield>
</datafield>
<datafield tag="260" ind1=" " ind2=" ">
<subfield code="c">2024-02-07</subfield>
</datafield>
<datafield tag="520" ind1=" " ind2=" ">
<subfield code="a">Aramids, renowned for their high-performance attributes, find applications in critical fields such as protective equipment, aerospace components, and industrial filters. However, challenges arise in scenarios in which frequent washing is impractical, leading to bacterial proliferation, especially in textiles. This study outlines a straightforward and scalable method for preparing aramid-coated textiles and films endowed with inherent bactericidal activity, achieved by reacting parent aramids with vanillin. The functionalization of the aramids with bactericide moieties not only preserved the high-performance characteristics of commercial aramids but also improved their crucial mechanical properties. Tensile tests revealed an increase in Young’s modulus, up to 50% compared to commercial m-aramid, accompanied by thermal performance comparable to commercial m-aramids. The evaluation of these coated textiles as bactericidal materials demonstrated robust effectiveness with A parameters (antibacterial activity) of 4.31 for S. aureus and 3.44 for K. pneumoniae. Reusability tests (washing the textiles in harsh conditions) underscored that the bactericide-coated textiles maintain their performance over at least 5 cycles. Regarding practical applications, tests performed with reconstructed human epidermis affirmed the nonirritating nature of these materials to the skin. The distinctive qualities of these metal-free intrinsic bactericidal aramids position them as ideal candidates for scenarios demanding a synergy of high performance and bactericidal properties. Applications such as first responders’ textiles or filters stand to benefit significantly from these advanced materials.</subfield>
</datafield>
<datafield tag="024" ind2=" " ind1="8">
<subfield code="a">1944-8244</subfield>
</datafield>
<datafield tag="024" ind2=" " ind1="8">
<subfield code="a">http://hdl.handle.net/10259/9346</subfield>
</datafield>
<datafield tag="024" ind2=" " ind1="8">
<subfield code="a">10.1021/acsami.3c17919</subfield>
</datafield>
<datafield tag="024" ind2=" " ind1="8">
<subfield code="a">1944-8252</subfield>
</datafield>
<datafield ind1=" " ind2=" " tag="653">
<subfield code="a">Aramids</subfield>
</datafield>
<datafield ind1=" " ind2=" " tag="653">
<subfield code="a">High-performance polymers</subfield>
</datafield>
<datafield ind1=" " ind2=" " tag="653">
<subfield code="a">Advanced functionalities</subfield>
</datafield>
<datafield ind1=" " ind2=" " tag="653">
<subfield code="a">Bactericide</subfield>
</datafield>
<datafield ind1=" " ind2=" " tag="653">
<subfield code="a">Textile</subfield>
</datafield>
<datafield tag="245" ind1="0" ind2="0">
<subfield code="a">High-Performance Aramids with Intrinsic Bactericide Activity</subfield>
</datafield>
</record></metadata></record></GetRecord></OAI-PMH>